Histoire et géographie 102 (Niveau Avancé défi) - Statistiques

Statistiques générales
  • Ce quiz a été pris 1 377 fois
    1 352 depuis la dernière actualisation
  • Le résultat moyen est 6 sur 21
Statistiques - réponses
Questions Réponse % Correct
Pays possèdant le plus d'îles (Pays en Asie) Indonésie
83%
Pays qui eu son indépendance de la Serbie en 2008 Kosovo
69%
Président actuel de la Chine Xi Jinping
63%
Sixième pays le plus grand du monde Australie
54%
Dernier empereur de l'Allemagne Guillaume II
43%
Nom du premier pape Saint Pierre
40%
Seul pays colonisé par la Belgique République Démocratique du Congo
39%
Guerre se passant en Afrique du Sud en 1899 Guerre des Boers
37%
Premier pays à avoir donné le droit de vote aux femmes Nouvelle-Zélande
36%
Peintre néerlandais qui est fameux pour ses autos portraits Rembrandt
33%
Président américain autrefois propriétaire des Rangers du Texas George W. Bush
26%
État dans lequel le mont Saint Helens a entré en éruption Washington
19%
État américain avec le moins d'habitants Wyoming
17%
Mari de la reine Victoria Prince Albert
15%
Capitale de l'Oregon Salem
13%
Quatrième Président des États-Unis James Madison
10%
Général Français durant la bataille des Plaines d'Abraham Montcalm
7%
Général Anglais durant la bataille des Plaines d'Abraham Wolfe
5%
Pape ayant une rue portant son nom à Montréal Pie IX
3%
Coureur des bois français avec une rue portant son nom à Montréal Étienne Brûlé
1%
Espionne américaine qui va remplacer Andrew Jackson sur le billet de 20$ américain Harriet Tubman
1%
Aucun quiz correspondant
Distribution des résultats
% des personnes avec chaque résultat
Percentile par nombre de réponses
Votre historique - résultats
Vous n’avez pas pris ce quiz depuis la dernière actualisation